| 000 | 00851nam a2200265Ia 4500 | ||
|---|---|---|---|
| 003 | OSt | ||
| 005 | 20221006140544.0 | ||
| 006 | a|||||r|||| 00| 0 | ||
| 007 | ta | ||
| 008 | 221006b |||||||| |||| 00| 0 eng d | ||
| 020 |
_a8170305160 _c350.00 |
||
| 024 | _a58 | ||
| 037 |
_b8513, 23/03/1998, Indian Book Centre _cTextual |
||
| 040 |
_aEASL _cEASL _beng |
||
| 041 |
_2eng _aeng |
||
| 082 | _aQ44, N7 | ||
| 100 |
_aKEENAN John P _961913 |
||
| 245 | 0 |
_aHow Master Mou remove our doubts _b A reader-response study and translation of the Mou-tzu Li-huo lun |
|
| 260 |
_aDelhi _bSri Satguru Pub _c1994 |
||
| 300 |
_a230p. _ccm. |
||
| 490 |
_v Gen _aBibliotheca Indo-Buddhica Series no.174 |
||
| 650 |
_aGen _9642735 |
||
| 942 |
_hQ44, N7 _cTEXL _2CC |
||
| 999 |
_c1068147 _d1068147 |
||